| 000 | 00428nam a2200157 i 4500 | ||
|---|---|---|---|
| 001 | 140966 | ||
| 003 | ES-MaACL | ||
| 007 | t| | ||
| 008 | 070918s1967 sp ||||1| rus d | ||
| 100 | 1 |
_aYork, Olga. _9117667 |
|
| 245 | 1 | 3 |
_aEl correr del tiempo _b: novela / _cOlga York. |
| 260 |
_a[Madrid : _bSuc. Galo Sèz], _c1967. |
||
| 300 |
_a331 p. ; _c24 cm. |
||
| 500 | _aEdición en ruso. | ||
| 852 |
_aES-MaACL _jB-8574 _bR.65805 |
||
| 999 |
_c140966 _d140966 |
||